| 000 | 00352nam a2200133Ia 4500 | ||
|---|---|---|---|
| 008 | 240624s9999 xx 000 0 und d | ||
| 041 | _aeng | ||
| 082 | _a338.7 LAS | ||
| 100 | _aLASHINSKY ADAM | ||
| 245 | _aINSIDE APPLE HOW AMERICA S MOST ADMIRED | ||
| 260 |
_c2012 _aNew York _bBusiness Plus |
||
| 300 | _aviii, : 239 : p. : cm. ; 22 | ||
| 365 |
_c _b38 |
||
| 999 |
_c28288 _d28288 |
||